[Event "Sapporo Autumn Chess Tornament 2019"]
[Site "?"]
[Date "2019.10.13"]
[Round "2.2"]
[White "Sato, Yasuji"]
[Black "Drakakis, Athanasios"]
[Result "0-1"]
[WhiteElo "1453"]
[BlackElo "1876"]
[Annotator "Fritz 11 SE (30s)"]
[PlyCount "96"]
[EventDate "2019.10.13"]

{B11: Caro-Kann: Two Knights Variation} 1. e4 c6 2. Nc3 Qc7 $146 (2... d6 3. d4
Nd7 (3... Qc7 4. f4 e5 5. Nf3 Bg4 6. Be3 Nd7 7. h3 Bxf3 8. Qxf3 Ngf6 9. a4 Be7
10. Bc4 O-O 11. O-O Rfe8 12. Ba2 Bf8 13. Rad1 a6 14. Kh1 b5 15. fxe5 dxe5 16.
d5 b4 17. dxc6 Qxc6 18. Bd5 {Strikovic,A (2467)-Freile Martin,J (2215) Dos
Hermanas 2003 1-0 (38)}) 4. Nf3 e5 5. Be3 Be7 6. Be2 h6 7. O-O g5 8. dxe5 dxe5
9. Nd2 Qc7 10. a4 Ngf6 11. Nb3 Nf8 12. Bc4 Be6 13. Qe2 Bxc4 14. Qxc4 Ne6 15.
Rad1 O-O 16. Ne2 {1/2-1/2 (16) Kormanyos,Z (2285)-Titkos,J (2270) Budapest 1981
}) (2... e5 3. Nf3 d6 4. d4 Qc7 5. h3 Be7 6. a4 Nd7 7. Bc4 Nf8 8. O-O Be6 9.
Qe2 Nf6 10. dxe5 dxe5 11. Ng5 Bxc4 12. Qxc4 Bd8 13. f4 Nh5 14. f5 h6 15. Nf3 g6
16. Be3 gxf5 17. exf5 {Dzhumaev,M (2365)-Burmakin,V (2555) Moscow 1996 1/2-1/2
(66)}) (2... g6 3. Bc4 (3. h4 h5 4. Nh3 d5 5. Ng5 e5 6. exd5 cxd5 7. Qf3 f6 8.
Nh3 Be6 9. Bd3 Bf7 10. O-O Nc6 11. Re1 Qd7 12. Bb5 O-O-O 13. d4 e4 14. Qd1 Nge7
15. Bxc6 Qxc6 16. a4 Nf5 17. Nb5 Qb6 {Ruzicka,P (2310)-Knazovcik,L (2260)
Prague 1992 1/2-1/2 (67)}) 3... Bg7 4. Bb3 Na6 5. d4 Nc7 6. Nge2 d5 7. e5 f6 8.
f4 Nh6 9. Be3 Be6 10. Qd2 Nf5 11. Bf2 h5 12. Nd1 h4 13. Ne3 h3 14. g3 Nxe3 15.
Bxe3 Bf5 16. c3 Qd7 17. Bc2 {Nilsson,N (2230)-Welling,G (2330) Lyngby 1991 0-1
(60)}) (2... d5 3. exd5 cxd5 4. Nf3 $14) 3. Nf3 d6 4. Bc4 e6 5. d4 Be7 6. O-O
b5 (6... Nd7 7. a4 $16) 7. Bb3 (7. Bd3 $5 $16) 7... b4 $14 {Black threatens to
win material: b4xc3} 8. Na4 Nd7 9. c3 a5 (9... Ngf6 10. Re1 bxc3 11. Nxc3 $14)
10. Re1 c5 (10... Ngf6 11. Bg5 h6 12. Bh4 $16) 11. dxc5 (11. e5 c4 12. Bc2 Bb7
$16) 11... dxc5 12. c4 (12. e5 $5 $16) 12... Bb7 13. Bc2 e5 14. b3 Ngf6 15. Nb2
{Black has an active position} (15. Bb2 $5 $11) 15... O-O $15 {Black castles
and improves king safety} 16. Qe2 h6 {Black has an active position} 17. Nd1 Nh5
(17... Rfe8 $5 $11 {must be considered}) 18. g3 $14 {Black has a very active
position} Ra6 (18... a4 19. bxa4 Bf6 20. Qf1 $14) 19. Bb2 Rg6 20. Nxe5 $4 {
White loses the upper hand} (20. Kh1 a4 $16) 20... Nxe5 $4 {hands over the
advantage to the opponent} (20... Nf4 $142 $1 21. Qe3 Nh3+ (21... Nxe5 $143 22.
Qxf4 Bd6 23. Qe3 $11) 22. Kg2 Nxe5 23. Kxh3 a4 $15) 21. Qxh5 $16 Rg5 (21... Ng4
$5 $16) 22. Qe2 Bc8 $4 {sad, but how else could Black save the game?} (22...
Rd8 $5 23. Ne3 Rd2 24. Bxe5 Qd8 $18) 23. Bxe5 (23. f4 $142 {and the rest is a
matter of technique} Bg4 24. Bxe5 Qxe5 25. fxe5 Bxe2 26. Rxe2 $18) 23... Qxe5
24. Ne3 Rg6 25. Nf5 (25. Rad1 Re8 $18) 25... Bf6 (25... Bg5 26. Rad1 Bxf5 27.
exf5 Qxe2 28. Rxe2 Ra6 $18) 26. Rad1 $18 Bb7 27. Qd2 (27. Kf1 Bd8 $18) 27...
Rd8 (27... Bg5 $5 28. Qd3 Bc6 $16) 28. Qe3 $18 Rxd1 29. Bxd1 (29. Rxd1 Bc8 $18)
29... Bd8 $2 (29... Bg5 30. Qe2 $16) 30. Bh5 (30. Qd3 $142 {with excellent
chances for White} Bc7 31. f4 $18) 30... Re6 $16 31. Bf3 Bg5 {Black threatens
to win material: Bg5xe3} 32. Qd3 (32. Qe2 Qc3 $14) 32... Re8 (32... g6 33. Ne3
Bxe4 34. Qxe4 Qxe4 35. Bxe4 Rxe4 36. Kf1 $11) 33. Qc2 (33. Qe2 g6 34. Ne3 Bxe3
35. Qxe3 Kg7 $14) 33... Rd8 (33... g6 $142 34. Ne3 Bxe4 35. Qxe4 Qxe4 36. Bxe4
Rxe4 $11) 34. Bg2 $4 {forfeits the advantage} (34. Rd1 $142 $14 {would keep
White in the game}) 34... Rd2 $17 35. f4 $4 {strolling merrily down the path
to disaster} (35. Qb1 $142 g6 36. h4 gxf5 37. hxg5 $19) 35... Rxc2 (35... Bxf4
$142 $5 {might be the shorter path} 36. Qb1 Bg5 37. h4 $19) 36. fxe5 Rxa2 37.
h4 (37. Bf3 a4 38. bxa4 b3 $19) 37... Bd2 38. Rf1 Bc3 39. Nd6 (39. e6 fxe6 40.
Nd6 Bd4+ 41. Kh1 Bc6 $19) 39... Ba8 40. Nxf7 Bd4+ 41. Kh1 Rf2 42. e6 Rxf1+ 43.
Bxf1 Bxe4+ 44. Kh2 (44. Bg2 Bc2 45. Bc6 $19) 44... Kf8 45. Nd6 Bc2 46. Nb7 (46.
Nc8 {there is nothing better in the position} Bf6 47. Nb6 Bxb3 48. Nd7+ Ke7 49.
Nxc5 $19) 46... a4 47. bxa4 Bxa4 (47... b3 $142 {finishes off the opponent} 48.
e7+ Kxe7 49. Be2 b2 50. g4 b1=Q 51. Bd1 Be4 52. Nxc5 Qb2+ 53. Bc2 Qxc2+ 54. Kg3
Be5+ 55. Kh3 Qg2#) 48. Kh3 (48. Bd3 {no good, but what else?} b3 49. Nd6 $19)
48... Ke7 (48... Ke7 49. Bd3 Kxe6 $19) 0-1

[Event "Sapporo Autumn Chess Tornament 2019"]
[Site "?"]
[Date "2019.10.13"]
[Round "2.3"]
[White "Nakamura, Mitsuru"]
[Black "Kojima, Shinya"]
[Result "0-1"]
[WhiteElo "1314"]
[BlackElo "2497"]
[Annotator "Fritz 11 SE (30s)"]
[PlyCount "50"]
[EventDate "2019.10.13"]

{D15: Slav Defence: 4 Nc3 a6 and gambit lines after 4 Nc3 dxc4} 1. d4 d5 2. c4
c6 3. Nf3 Nf6 4. e3 Bf5 5. Nc3 a6 6. Bd3 Bxd3 7. Qxd3 e6 8. O-O Bb4 9. Bd2 (9.
a3 Be7 10. e4 dxe4 11. Nxe4 Nxe4 12. Qxe4 Nd7 13. Bf4 O-O 14. Rad1 Re8 15. Rd3
Nf8 16. Rb3 Qc8 17. Rc1 Ng6 18. Bg3 Qd7 19. h4 h5 20. Ne5 Nxe5 21. Bxe5 f6 22.
Bg3 Bf8 23. Rd3 Qf7 {Karjakin,S (2778)-Anand,V (2780) Sao Paulo/Bilbao 2012 1/
2-1/2 (31)}) (9. Ne2 Bd6 10. b3 O-O 11. Bb2 Ne4 12. Nd2 Nxd2 13. Qxd2 Nd7 {
1/2-1/2 (13) Camarena Gimenez,R (2378)-Neuman,P (2464) Olomouc 2015}) 9... O-O
10. a3 Be7 11. c5 $146 {White gets more space} (11. e4 b5 12. b3 Nbd7 13. e5
dxc4 14. bxc4 bxc4 15. Qxc4 Nd5 16. Ne4 Qc7 17. Bg5 f6 18. exf6 gxf6 19. Bh6
Rfc8 20. Rfe1 Nf8 21. Nc5 Bxc5 22. Qxc5 Qd7 23. Nd2 Ng6 24. Ne4 f5 25. Qd6 Qxd6
{Mikhalchishin,A (2542)-Zaja,I (2433) Bled 2002 1-0 (67)}) 11... Nbd7 12. b4
Re8 13. Rfe1 Qc7 14. e4 dxe4 15. Nxe4 {White has a new backward pawn: d4.
White has an active position} Rad8 16. Qc2 Nxe4 17. Rxe4 {Black has a cramped
position} Nf6 {Black threatens to win material: Nf6xe4} 18. Bf4 {White
threatens to win material: Bf4xc7} Qc8 19. Re2 Rd5 20. Bg3 Bf8 21. Rae1 Red8
22. Bh4 Be7 23. Re5 Qd7 24. Rd1 {Black has a cramped position} Qe8 25. g4 $4 {
allows the opponent back into the game} (25. h3 $142 $11 {would keep White
alive}) 25... Nxg4 $17 (25... Nxg4 26. Rxd5 Rxd5 (26... exd5 $143 27. Re1 f6
28. Qe2 $17) 27. Bxe7 Qxe7 $17) 0-1

[Event "Sapporo Autumn Chess Tornament 2019"]
[Site "?"]
[Date "2019.10.13"]
[Round "2.4"]
[White "Kojima, Natsumi"]
[Black "Yoshii, Yukihiko"]
[Result "0-1"]
[WhiteElo "1772"]
[BlackElo "1851"]
[Annotator "Fritz 11 SE (30s)"]
[PlyCount "78"]
[EventDate "2019.10.13"]

{C55: Two Knights: 4 d3, 4 d4 exd4 5 e5 and Max Lange Attack} 1. e4 e5 2. Nf3
Nc6 3. Bc4 Nf6 4. d3 Be7 5. O-O O-O 6. Re1 d6 7. a4 h6 8. h3 a6 (8... Be6 9.
Nc3 Re8 (9... Nxe4 10. Nxe4 d5 11. Bb5 dxe4 12. Bxc6 bxc6 13. Nxe5 Bd6 14. Rxe4
Bd5 15. Re1 Re8 16. Ng4 Rxe1+ 17. Qxe1 Qd7 18. Bd2 Re8 19. Qd1 Qf5 20. c4 Be6
21. Bc3 h5 22. Ne3 Qf4 23. Nf1 Bxh3 24. Qxh5 {Gurevich,V (2484)-Wemmers,X 
(2354) Belgium 2014 1/2-1/2 (35)}) 10. a5 a6 11. Nd5 Bf8 12. c3 Bxd5 13. exd5
Ne7 14. Qb3 Qd7 15. d4 exd4 16. Nxd4 Nf5 17. Bd2 Nxd4 18. cxd4 Ne4 19. Be3 Rab8
20. Qc2 Nf6 21. Ra3 c6 22. dxc6 Qxc6 23. Rc3 {Yudin,S (2519)-Lastin,A (2604)
Moscow 2008 0-1 (42)}) 9. Nc3 $146 (9. Nbd2 Nd7 10. c3 Kh8 11. Nf1 Nb6 12. Bb3
f5 13. a5 fxe4 14. dxe4 Nd7 15. Ng3 Bf6 16. Nf5 Nc5 17. Bd5 Ne7 18. b4 Nxd5 19.
Qxd5 Be6 20. Qd1 Nb3 21. Rb1 Nxc1 22. Rxc1 Bxf5 23. exf5 Bg5 {Stanic,Z (2225)
-Loncar,R (2430) Porec 1994 0-1 (47)}) 9... b6 10. Nd5 Nxd5 11. Bxd5 Bb7 12. d4
Bf6 13. c3 Rb8 14. Nh2 (14. dxe5 $5 {is interesting} Nxe5 15. Bxb7 Rxb7 16. Nd4
$14) 14... exd4 $11 15. Ng4 (15. Bxc6 $5 {is an interesting alternative} Bxc6
16. cxd4 $11) 15... dxc3 $17 16. Nxh6+ $2 (16. Nxf6+ $142 Qxf6 17. bxc3 $17)
16... gxh6 $19 17. Qg4+ (17. Bxh6 Ne5 (17... cxb2 18. Ra3 Bg7 19. Rg3 $18) 18.
bxc3 Bg7 19. Bxg7 Kxg7 20. Bxb7 Rxb7 $19) 17... Bg7 18. Bxh6 Qf6 19. Bg5 Qg6
20. f4 (20. bxc3 {does not help much} Bxc3 21. Ra3 Bxe1 $19) 20... Kh8 (20...
cxb2 $142 {makes sure everything is clear} 21. Rad1 Bc3 $19) 21. f5 Qh7 22. f6
(22. bxc3 {does not save the day} Ne5 (22... Bxc3 $6 23. Bxc6 Bxc6 24. Rac1
Bd4+ 25. Kh1 $19) 23. Qh4 Qxh4 24. Bxh4 Kh7 $19) 22... Bh6 23. bxc3 (23. Bxh6 {
what else?} Qxh6 24. Qe2 cxb2 25. Rab1 Qxf6 26. Rxb2 $19) 23... Ne5 24. Qg3
Bxd5 (24... Bxg5 {seems even better} 25. Bxb7 Rg8 26. Bxa6 $19) 25. exd5 (25.
Bxh6 {doesn't improve anything} Qxh6 26. Qg7+ Qxg7 27. fxg7+ Kxg7 28. exd5 f5
$19) 25... Bxg5 26. Qxg5 (26. Rxe5 {doesn't change the outcome of the game}
dxe5 27. Qxg5 $19) 26... Qg6 (26... Nf3+ $142 $1 {secures the point} 27. gxf3
Rg8 $19) 27. Qh4+ Qh7 {Black threatens to win material: Qh7xh4} 28. Qd4 $4 {
there were better ways to keep up the pressure} (28. Qg5 $142 {this is the
best way to fight back} Nf3+ {Decoy: f3} 29. gxf3 $19) 28... Rg8 $19 29. Kh2 (
29. Re3 {doesn't change anything anymore} Rg6 30. Qe4 Rbg8 $19) 29... Rg6 (
29... Nf3+ $1 30. Kh1 Rxg2 31. Kxg2 Nxd4 32. Re3 Rg8+ 33. Kf1 Qf5+ 34. Ke1 Rg1+
35. Kd2 Qc2#) 30. Rf1 (30. Re2 $19 {a last effort to resist the inevitable})
30... Rbg8 (30... Rxg2+ $142 $1 {ends the debate} 31. Kxg2 Rg8+ 32. Kh2 Ng4+
33. Kg3 Ne3+ 34. Kf3 $19) 31. Ra2 Rh6 32. Re2 (32. Kh1 {doesn't get the bull
off the ice} Ng4 33. Qf4 Qd3 $19) 32... Rh4 33. Rf4 (33. Qd2 {is not the
saving move} Rxa4 34. Kh1 a5 $19) 33... Rxf4 34. Qxf4 Rg4 35. Qf1 Rxa4 36. Kg1
Qg6 (36... Qh4 {makes it even easier for Black} 37. Rf2 $19) 37. Rf2 Ra3 38.
Rf5 (38. Qc1 {is no salvation} Rb3 39. Kh2 Kg8 $19) 38... Rxc3 39. Qf4 (39. Kh1
$19 {praying for a miracle}) 39... Rg3 (39... Rg3 40. Kh1 Nf3 41. Qxf3 Rxf3 42.
Rxf3 Qe4 $19) 0-1

[Event "Sapporo Autumn Chess Tornament 2019"]
[Site "?"]
[Date "2019.10.13"]
[Round "2.5"]
[White "Kikuchi, Akira"]
[Black "Watanabe, Katsumi"]
[Result "1-0"]
[WhiteElo "1718"]
[BlackElo "1723"]
[Annotator "Fritz 11 SE (30s)"]
[PlyCount "89"]
[EventDate "2019.10.13"]

{B14: Caro-Kann: Panov-Botvinnik Attack with 5...e6 and 5...g6} 1. e4 c5 2. c3
d6 3. d4 cxd4 4. cxd4 e6 5. Nf3 Be7 6. Nc3 Nf6 7. Bc4 O-O 8. O-O d5 9. exd5
exd5 10. Bd3 Nc6 11. h3 Qb6 {[%cal Rb6d4,Rc6d4,Gf3d4] The isolani on d4
becomes a target} (11... h6 12. Bf4 Be6 13. Re1 Re8 14. Rc1 Rc8 15. Bb1 Bf8 16.
Ne5 Qb6 17. Nxc6 {1/2-1/2 (18) Suba,M (2470)-Knezevic,M (2490) Yerevan 1980}) (
11... a6 12. a3 b5 13. b4 Qc7 14. Qb3 Be6 15. Be3 Rac8 16. Rac1 Qd7 17. Ng5 {
1/2-1/2 (16) Fodre,S (2181)-Muhari,I (2247) Hungary 2012}) 12. Re1 $146 (12. a3
a6 13. Bf4 Be6 14. b4 Qd8 15. Rc1 Nh5 16. Bh2 g6 17. Bb1 Ng7 18. Ne5 Nxe5 19.
dxe5 a5 20. Qd4 axb4 21. axb4 Rc8 22. Nb5 Rc4 23. Rxc4 dxc4 24. Nd6 Qd7 25. Qb6
Qc6 26. Qxc6 bxc6 {Biro,A (2324)-Sarosi,Z (2333) Hungary 2004 0-1 (51)}) 12...
Be6 13. Rb1 (13. a3 h6 $14 (13... Nxd4 {once again taking the pawn is naive}
14. Nxd4 Rfe8 15. Be3 $18)) 13... Nb4 $11 (13... Nxd4 $4 {it may look tempting
but Black must resist capturing the pawn} 14. Nxd4 Rfe8 15. Bb5 $18) 14. Bg5
Rfe8 15. a3 Nxd3 {Black forks: b2+e1} 16. Qxd3 {Black has the pair of bishops}
h6 {Black threatens to win material: h6xg5} 17. Bh4 Qc7 (17... Qa6 18. Qe3 $11)
18. Rbc1 Nh5 $4 (18... Qc4 $142 {this is the best bet to save the position} 19.
Qd2 Qa6 $11) 19. Nxd5 $1 $18 {Decoy: d5} Qd6 (19... Bxd5 20. Qf5 {Decoy Double
attack} (20. Rxc7 {Discovered attack})) 20. Nxe7+ (20. Bxe7 $6 Qxd5 21. Re5 Qd7
22. Rxh5 Rxe7 $16) 20... Rxe7 21. Bxe7 Qxe7 22. Qb5 Nf4 (22... Nf6 {is not
much help} 23. d5 $1 {Deflection: e6} Qd7 24. Qxd7 Bxd7 25. Rc7 $18) 23. d5 $1
{Deflection: e6} a6 (23... Bxd5 24. Re5 {Decoy Double attack} (24. Rxe7 {
Deflection Pinning})) (23... Nxd5 24. Qxd5 Bxd5 25. Re5 {Decoy Double attack} (
25. Rxe7 {Remove defender Deflection Pinning})) 24. Qa5 Nd3 (24... b6 {cannot
change destiny} 25. Qd2 Nxd5 26. Qxd5 $18) 25. dxe6 (25. Rc7 $142 {secures
victory} Qxc7 26. Qxc7 Nxe1 27. dxe6 Nxf3+ 28. gxf3 fxe6 29. Qxb7 Re8 30. Qxa6
Rb8 $18) 25... Nxe1 26. exf7+ Qxf7 27. Rxe1 Rc8 28. Qb4 Qc7 (28... Qc4 {
does not solve anything} 29. Qxb7 Qc6 30. Re7 Qxb7 31. Rxb7 $18) 29. Qe7 (29.
Re7 {seems even better} Qc1+ 30. Kh2 Rf8 31. Rxb7 Qf4+ 32. Qxf4 Rxf4 $18) 29...
Qc2 (29... Qxe7 {doesn't do any good} 30. Rxe7 b5 31. Ra7 $18) 30. Qxb7 Kh8 (
30... Qc6 {does not win a prize} 31. Re7 Qxb7 32. Rxb7 Rc1+ 33. Kh2 $18) 31.
Qxa6 Rd8 (31... Rc6 {cannot change what is in store for White} 32. Qb5 Kh7 33.
b4 $18) 32. Qe2 (32. b4 {and White can already relax} Kh7 $18) 32... Qb3 (32...
Qxe2 {a fruitless try to alter the course of the game} 33. Rxe2 Rd1+ 34. Re1
$18) 33. Ne5 Rd5 (33... Kg8 $18 {is the last straw}) 34. Nf7+ Kg8 35. Qe8+ Kh7
36. Qe4+ Kg8 (36... Rf5 {cannot undo what has already been done} 37. Qxf5+ g6
38. Ng5+ hxg5 39. Re7+ Kh6 40. Qf8+ Kh5 41. Rh7#) 37. Nxh6+ $1 {Clearance: e4}
Kh8 (37... gxh6 38. Qg6+ {Mate attack Clearance}) 38. Ng4 (38. Qe8+ Kh7 39.
Qg8+ Kg6 40. Re6+ Kh5 41. Qf7+ g6 42. Qxg6+ Kh4 43. Re4#) 38... Rd1 39. Rxd1 (
39. Qe8+ Kh7 40. Qh5+ Kg8 41. Nf6+ gxf6 42. Rxd1 Qxd1+ 43. Qxd1 Kf7 44. Qd7+
Kg6 45. Qe8+ Kg7 46. g4 Kh7 47. Qf7+ Kh8 48. f4 f5 49. Qf8+ Kh7 50. g5 Kg6 51.
Qe7 Kh5 52. Qh7#) 39... Qxd1+ 40. Kh2 Qb3 41. a4 Qxb2 42. a5 Qb5 43. Qa8+ Kh7
44. a6 Qb6 (44... Qf5 {does not improve anything} 45. a7 g5 46. Qb7+ Kg6 47.
a8=Q Qf4+ 48. g3 Qxf2+ 49. Nxf2 g4 50. Qh8 gxh3 51. Qe5 Kh6 52. Qbg7#) 45. Qb7
(45. Qb7 Qd4 46. a7 Qd6+ 47. g3 Qa3 48. a8=Q Qd6 49. Qb3 Qe7 50. Qag8+ Kg6 51.
Qd3+ Qe4 52. Qxe4+ Kh5 53. Ne5 Kg5 54. Qg6#) 1-0

[Event "Sapporo Autumn Chess Tornament 2019"]
[Site "?"]
[Date "2019.10.13"]
[Round "3.1"]
[White "Drakakis, Athanasios"]
[Black "Sugimoto, Koichi"]
[Result "1-0"]
[WhiteElo "1876"]
[BlackElo "1987"]
[Annotator "Fritz 11 SE (30s)"]
[PlyCount "81"]

{D02: 1 d4 d5 2 Nf3 sidelines, including 2...Nf6 3 g3 and 2...Nf6 3 Bf4} 1. d4
d5 2. Nf3 Nf6 3. Bf4 c5 4. e3 Nc6 5. c3 Qb6 6. Qc1 Bf5 7. Nbd2 e6 8. Nh4 Bg4 9.
h3 Bh5 10. g4 Bg6 11. Nxg6 hxg6 12. Bg2 cxd4 $146 (12... Rc8 13. Nb3 (13. Qb1
Qa6 14. dxc5 b6 15. cxb6 axb6 16. Qd1 Be7 17. Qe2 Qa7 18. O-O O-O 19. Rfc1 Rfd8
20. Bf1 e5 21. Bg3 Qc7 22. Bg2 Qd7 23. Qb5 Qe6 24. Rd1 g5 25. Nb3 Na7 26. Qa6
Rd7 27. e4 Nxe4 {Kaminski,V (2212)-Hungaski,R (2407) Pawtucket 2008 1-0 (43)})
13... cxd4 14. exd4 a5 15. Qb1 a4 16. Nd2 Na5 17. O-O Bd6 18. Bxd6 Qxd6 19. f4
a3 20. b4 Nc4 21. Qd3 Nxd2 22. Qxd2 Ne4 23. Qe1 Nxc3 24. f5 gxf5 25. gxf5 Ne4
26. fxe6 Qxe6 27. Rc1 {Petrovic,M (2227)-Vasic,M (2213) Budva 2004 1/2-1/2 (53)
}) 13. exd4 Rc8 14. Qb1 Qa6 {White king safety dropped} 15. Bf1 {White
threatens to win material: Bf1xa6} Qb6 {White king safety improved} 16. Bg2 Na5
17. O-O Bd6 18. Bxd6 Qxd6 19. f4 Nc4 20. Nxc4 Rxc4 21. Qd3 a6 22. Rae1 O-O 23.
Kh1 (23. f5 gxf5 24. gxf5 Re8 $11) 23... b5 24. a3 Rfc8 25. f5 gxf5 26. gxf5
Nh5 $4 {Black is ruining his position} (26... Re8 $142 $11 {and Black can hope
to live}) 27. Re5 R4c7 $4 {the pressure is too much, Black crumbles} (27...
exf5 $142 28. Bxd5 g6 29. Bxc4 bxc4 $16) 28. fxe6 $18 Nf6 (28... g6 {cannot
change destiny} 29. exf7+ Rxf7 30. Rxf7 Kxf7 31. Rxh5 gxh5 32. Qf5+ Ke7 33.
Qxc8 Qf4 $18) 29. exf7+ (29. Rxf6 $142 {secures the win} gxf6 30. exf7+ (30.
Rxd5 $6 {is a weaker possibility} Qxe6 31. Qg3+ Kf8 $16) 30... Rxf7 31. Qg6+ (
31. Rxd5 $6 {is impossible} Qe7 $14) 31... Rg7 32. Re8+ (32. Rxd5 $6 {is
easily refuted} Qe6 33. Qf5 Re8 34. Qxe6+ Rxe6 $11) 32... Rxe8 33. Qxe8+ Kh7
34. Qh5+ Kg8 35. Bxd5+ (35. Qxd5+ $143 Qxd5 36. Bxd5+ Kf8 $15) 35... Kf8 36.
Qh8+ Ke7 37. Qxg7+ Kd8 38. Qg8+ Kc7 39. Qf7+ Kc8 40. Qe8+ Kc7 41. Qc6+ Qxc6 42.
Bxc6 Kxc6 43. h4 $18) 29... Rxf7 30. Qg6 Rcf8 (30... Qd7 31. Rff5 Rcf8 32. Rxd5
$18) 31. Rfe1 (31. Rh5 $142 {and White can celebrate victory} Rd8 32. Bxd5
Qxd5+ 33. Rxd5 Rxd5 34. Kg2 $18) 31... Qd7 32. R1e3 (32. Rf5 Rb8 $18) 32... a5
33. Rg3 (33. Qf5 Qxf5 34. Rxf5 Rd7 $16) 33... b4 $16 34. axb4 (34. Kg1 bxc3 35.
bxc3 Re8 $16) 34... axb4 35. Kh2 (35. cxb4 Qc7 $16) 35... bxc3 $14 36. bxc3 Qb5
$2 (36... Rb8 37. h4 Qd8 38. Rf3 $18) 37. Rf5 (37. h4 $5 {keeps an even firmer
grip} Qb8 38. h5 Kh8 39. Bxd5 Nxd5 $18) 37... Qd7 38. Re5 {Twofold repetition}
Qb5 39. h4 Qb2 40. Kh3 (40. h5 $5 Ne4 41. Rxe4 dxe4 $18) 40... Qf2 $4 {but
even a better move would not have saved the game} (40... Qc1 $142 $18) 41. Rf5
(41. Rf5 Qc2 42. Rxf6 Qxg6 43. Rfxg6 $18 (43. Rgxg6 $6 Rxf6 44. Bxd5+ Kh7 $14))
1-0

[Event "Sapporo Autumn Chess Tornament 2019"]
[Site "?"]
[Date "2019.10.13"]
[Round "3.2"]
[White "Kojima, Shinya"]
[Black "Kikuchi, Akira"]
[Result "1-0"]
[WhiteElo "2497"]
[BlackElo "1718"]
[Annotator "Fritz 11 SE (30s)"]
[PlyCount "45"]

{B85: Sicilian Scheveningen: 6 Be2 a6, lines with early Be3} 1. Nf3 c5 2. e4 d6
3. d4 cxd4 4. Nxd4 e6 5. Nc3 Nf6 6. Be2 Be7 7. Be3 a6 8. f4 Nbd7 (8... O-O 9.
Qd2 b5 10. Bf3 b4 11. Nce2 d5 12. e5 Ne4 13. Qd1 a5 14. Ng3 Bh4 15. Bxe4 dxe4
16. Qh5 g6 17. Qh6 Bb7 18. O-O-O Nd7 19. f5 Nxe5 20. Nxe6 Qf6 21. Nxf8 Rxf8 22.
fxg6 hxg6 23. Rhf1 {Svidler,P (2550)-Rytshagov,M (2460) Moscow 1994 1/2-1/2 
(36)}) 9. O-O $146 (9. Bf3 Qc7 10. a4 (10. Qe2 Nb6 11. O-O O-O 12. Kh1 Nc4 13.
Bc1 Re8 14. Qf2 e5 15. Nf5 Bxf5 16. exf5 exf4 17. Bxf4 Nxb2 18. Nd5 Nxd5 19.
Bxd5 Bf6 20. Rab1 Rab8 21. Qg3 Nc4 22. Rbe1 b5 23. Bg5 Bxg5 24. Qxg5 h6 {
Rohit,G (2401)-Al Modiahki,M (2568) Hyderabad 2005 0-1 (40)}) 10... O-O 11. g4
d5 12. e5 Ne8 13. O-O Nb6 14. g5 Nc4 15. Bc1 Bd7 16. Nce2 Rc8 17. Kh1 Na5 18.
Rg1 Nc6 19. Nb3 Na5 20. Nbd4 Nc6 21. Be3 g6 22. Qf1 Ng7 23. Bg4 Rfe8 {Sai,K 
(2349)-Abedi,A (2159) Dubai 2011 1-0 (34)}) (9. g4 Nc5 10. Bf3 Qc7 11. Qe2 Rb8
12. g5 Ng8 13. a4 b6 14. f5 Bd7 15. fxe6 fxe6 16. O-O h6 17. b4 Nb7 18. Nf5
hxg5 19. Nxg7+ Kd8 20. Bd4 Bf6 21. Qe3 Bxd4 22. Qxd4 Rh7 23. Bg4 d5 {Smirin,I 
(2646)-Iskandarov,M (2203) Baku 2010 1-0}) 9... O-O 10. Kh1 Qc7 11. Bf3 {
Black has a cramped position. Black's piece can't move: c8} Rd8 12. g4 e5 $2 (
12... Nb6 $142 $11 {and Black hangs on}) 13. Nf5 $18 Nf8 $4 {Black has lost
his nerve... understandable when you consider his position} (13... Bf8 $142 14.
g5 d5 15. exd5 Ne8 $18) 14. g5 Ne8 (14... Bxf5 {otherwise it's curtains at once
} 15. gxf6 Bxf6 16. exf5 Qc8 $18) 15. Nd5 Qb8 (15... Qd7 {cannot undo what has
already been done} 16. Nfxe7+ Kh8 17. Bb6 $18) 16. Nfxe7+ Kh8 17. fxe5 (17. f5
$142 {and White can already relax} Nc7 18. Nb6 $18) 17... Ng6 (17... dxe5 {
hoping against hope} 18. Bb6 Qd6 $18) 18. Nxg6+ hxg6 19. Bg4 (19. Bh5 $142 {
makes it even easier for White} dxe5 20. Rxf7 $18) 19... Bxg4 (19... dxe5 {
is one last hope} 20. Rxf7 Kh7 $18) 20. Qxg4 Kg8 (20... Qc7 {is not much help}
21. e6 Rd7 22. exd7 Nf6 23. gxf6 Kg8 24. Qh3 Qxd7 25. Qxd7 gxf6 26. Nxf6+ Kg7
27. Ne8+ Kh8 28. Bd4+ Kh7 29. Qh3+ Kg8 30. Qh8#) 21. Rxf7 $1 {Mate attack.}
Kxf7 (21... Kxf7 22. e6+ {Mate attack}) (21... -- $140 22. Qe6 {Mate threat})
22. Rf1+ (22. e6+ Kg8 23. Ne7+ Kf8 24. Nxg6+ Kg8 25. Qh5 Nf6 26. Qh8#) 22...
Kg8 (22... Nf6 {does not win a prize} 23. e6+ Kg8 24. gxf6 Qc7 25. Nxc7 a5 26.
Qxg6 Rd7 27. exd7 Re8 28. dxe8=Q#) 23. Ne7+ (23. Ne7+ Kh8 24. Qh3#) 1-0